World of environmental design : urban spaces II : urban parks /

Volumen sobre arquitectura del paisaje en parques urbanos.

সংরক্ষণ করুন:
গ্রন্থ-পঞ্জীর বিবরন
প্রধান লেখক: Asensio Cerver, Francisco (autor)
বিন্যাস: গ্রন্থ
ভাষা:ইংরেজি
প্রকাশিত: Barcelona, España : Atrium, 1994, c1994
মালা:(Arco Colour)
বিষয়গুলি:
ট্যাগগুলো: ট্যাগ যুক্ত করুন
কোনো ট্যাগ নেই, প্রথমজন হিসাবে ট্যাগ করুন!

MARC

LEADER 00000nam^a2200000^a^4500
001 000051697
005 20250521000000.0
009 20260526115417.897
020 |a 84-8185-006-3 
037 |a Acervo ITESO - Biblioteca 
041 |a ING 
082 |a 712.  |b ASE V. 7 
100 |a Asensio Cerver, Francisco  |e (autor) 
245 1 0 |a World of environmental design :  |b urban spaces II : urban parks /  |c F. Asencio Cerver. 
264 4 |a Barcelona, España :  |b Atrium,  |c 1994, c1994 
300 |a 255 p. 
336 |a texto  |b txt  |2 rdacontenido 
337 |a sin mediación  |b n  |2 rdamedio 
338 |a volumen  |b nc  |2 rdasoporte 
440 1 |a (Arco Colour) 
520 |a Volumen sobre arquitectura del paisaje en parques urbanos. 
649 |a XX 
650 |a Arquitectura del Paisaje 
650 |a Parques Públicos y Alamedas 
650 |a Jardines 
650 |a Centros de Recreación 
650 |a Plazas 
650 |a Cementerios 
650 |a Diseño Arquitectónico 
910 |a Fondo General 
920 |a Impresos - Libros 
930 |a Reserva Especial 
905 |a 103 
901 |a 0500008929  |b IT1  |c REE  |u 20250521 
902 |a https://opac.biblio.iteso.mx/vufind/Record/000051697